Pays ou il y a le plus d'Anglais - Statistiques

Statistiques générales
  • Ce quiz a été pris 366 fois
  • Le résultat moyen est 7 sur 11
Statistiques - réponses
Nombre Pays % Correct
25 200 000 Etats-Unis
98%
37 600 000 Royaume-Uni
96%
148 300 France
93%
6 300 000 Canada
85%
177,200 Irlande
81%
8 300 000 Australie
76%
263 000 Espagne
65%
282 000 Nouvelle-Zélande
52%
1 600 000 Afrique du Sud
39%
100 000 Argentine
17%
820 000 Chili
5%
Aucun quiz correspondant
Distribution des résultats
% des personnes avec chaque résultat
Percentile par nombre de réponses
Votre historique - résultats
Vous n’avez pas pris ce quiz